=LDR 00000nam 2200000 4500 =001 INLIS000000000005163 =005 20251009084217 =035 ##$$a 0010-1025000218 =007 ta =008 251009###########################0#ind## =082 ##$$a 304.6 =084 ##$$a 304.6 BAD i =100 #$$a Badan Koordinasi Keluarga Berencana Nasional =245 1#$$a Informasi Wilayah Sasaran Kunjungan Lapangan /$c Badan Koordinasi Keluarga Berencana Nasional =260 ##$$a Bandar Lampung :$b Badan Koordinasi Keluarga Berencana Nasional,$c 1996 =300 ##$$a 10 Hal : $b Ilus ; $c 21 =650 #4$$a Keluarga Berencana =856 ##$$a Perpustakaan Kemendukbangga